000 00559nam a2200205 i 4500
001 bg
100 1 _aSULANKE, R.
245 0 _aGeometria rózniczkowa i teoria wiązek /
_cR. Sulanke, P. Wintgen.
260 _aWarszawa :
_bPWN,
_c1977.
490 1 _aMatematyka dla Politechnik
650 9 _aGeometria różniczkowa
650 9 _aTeoria wiązek
655 _aPodręczniki akademickie
700 1 _aWINTGEN, P.
830 _aMatematyka dla Politechnik
040 _cBPK
041 _apol
942 _cKS
008 s pl f |000 0 pol
999 _c17196
_d17196
856 _uhttp://koha.tu.koszalin.pl/cgi-bin/koha/opac-detail.pl?biblionumber=17196
_yKatalog online BPK